Urdu Short Hand (Record no. 7502)
[ view plain ]
| 000 -LEADER | |
|---|---|
| fixed length control field | 00383 a2200133 4500 |
| 040 ## - CATALOGING SOURCE | |
| Original cataloging agency | DLC |
| 082 ## - DEWEY DECIMAL CLASSIFICATION NUMBER | |
| Classification number | 491.439 |
| 100 ## - MAIN ENTRY--PERSONAL NAME | |
| Personal name | Ruswa, Mirza Muhammad Hadi. |
| 245 ## - TITLE STATEMENT | |
| Title | Urdu Short Hand |
| Statement of responsibility, etc. | Mirza Muhammad Hadi Ruswa and M. L. Ghosh. |
| Medium | (Urdu) |
| 260 ## - PUBLICATION, DISTRIBUTION, ETC. | |
| Place of publication, distribution, etc. | Islamabad : |
| Name of publisher, distributor, etc. | Muqtedara Qomi Zuban, |
| Date of publication, distribution, etc. | 1986. |
| 300 ## - PHYSICAL DESCRIPTION | |
| Extent | 124 p. ; |
| Dimensions | 24 cm. |
| 700 ## - ADDED ENTRY--PERSONAL NAME | |
| Personal name | Ghosh, M. L. |
| 942 ## - ADDED ENTRY ELEMENTS (KOHA) | |
| Koha item type | Book |
| Call number prefix | 491.439 RUS |
| Source of classification or shelving scheme | |
| Withdrawn status | Lost status | Damaged status | Not for loan | Collection code | Permanent Location | Current Location | Shelving location | Date acquired | Source of acquisition | Cost, normal purchase price | Total Checkouts | Full call number | Barcode | Date last seen | Price effective from | Koha item type |
|---|---|---|---|---|---|---|---|---|---|---|---|---|---|---|---|---|
| Central Library (CL) | Central Library (CL) | General Stacks | 08/23/2002 | National Language Authority | 30.00 | 491.439 RUS | SEECS002272 | 11/14/2012 | 01/05/2017 | Book |
